| 000 | 01245nam a2200253Ia 4500 | ||
|---|---|---|---|
| 999 |
_c54067 _d54067 |
||
| 001 | 21120 | ||
| 003 | GE_BSU | ||
| 005 | 20250725152444.0 | ||
| 008 | 181216s2017||||ge |||||||||||||| ||geo|| | ||
| 020 | _a9789941247569 | ||
| 040 | _cGE_BSU | ||
| 041 | _ageo | ||
| 080 | _a27-36 თ-54 | ||
| 245 |
_aႧვენი. [ტ.] 21, 21 ივლისი - 31 ივლისი (ახალი სტილით 3 აგვისტო - 13 აგვისტო) / _cპროექტის ავტორი და რედაქტორი თამარ მამაცაშვილი ; შემდგენელი სოფიო თავაძე ; დიზაინერი რატი თორდია. |
||
| 264 |
_aთბილისი : _bპალიტრა, _c2017. |
||
| 300 |
_a304 გვ. ; _c21 სმ. |
||
| 490 | _aჟურნალ "კარიბჭის" ბიბლიოთეკა | ||
| 541 | _h6 ლ. | ||
| 653 | _aთვენი. 21 ივლისი -31 ივლისი | ||
| 653 | _aრელიგია | ||
| 653 | _aმართლმადიდებლური ეკლესია | ||
| 653 | _aწმინდანთა ცხოვრება | ||
| 942 |
_cBK _2udc |
||